01012 2200361 4500001002100000005001500021035002000036007000300056040001700059100004200076245009600118300003100214020002200245041000800267082001000275084001600285090002000301264002800321336002100349337003000370338002300400650001000423850001000433008004100443250001000484700003600494990002000530990002000550990002000570990002000590990002000610990002000630INLIS00000000000946720260420094715 a0010-1222000072ta aSBPUPADbind0 aDessy Tri Anandani BambangePengarang1 aRAJUT :bPanduan berkreasi Dan Berbisnis /cDessy Tri Anandani Bambang;Editor,Fachmy Casofa a112 hlm. :bilus. ;c27 cm a978-602-9212-76-10 aind a746.2 a746.2 BAM r a746 AYU h T15-4 aSolo :bMetagraf,c2013 2rdacontentateks 2rdamediaatanpa perantara 2rdacarrieravolume 4aRajut aPUPAD260420 0  aCet.10 aEditor,Fachmy CasofaePengarang a25.069/H/DPK/17 a25.068/H/DPK/17 a25.067/H/DPK/17 a25.070/H/DPK/17 a25.071/H/DPK/17 a24.068/H/DPK/17